Leader xxxxxxxxxx
001 __ PCLIS00048762
005 __ 20230414140731.0
010 0_ |a978-957-13-6180-2|b平裝|dNT$280
100 __ |a20150417d2015 m y0chiy08 e
101 0_ |achi
102 __ |acw
105 __ |aa z 000cy
200 1_ |a表白|e那些說不出口的話|fDorothy著
205 __ |a初版
210 __ |a臺北市|c時報文化|d2015[民104]
215 0_ |a139, [2]面|c彩圖|d19公分
225 2_ |a優生活|v10
300 __ |a作者號由t038取自題名補0
306 __ |a2015年十一刷
330 __ |a「若是我們成為了世界上最遙遠的人,那是因為彼此不再主動。」對家人、朋友、情人或自己,我們也許都有一句說不出口的話。可能只是一句簡單的「謝謝」「對不起」「我喜歡你」,但由於害羞、害怕面對,或守著彆扭的自尊,所以一直沒有勇氣向最在乎的人,好好地把話說出口。說不出口的愛、自白、感謝和關心,就讓畫語傳達吧!
410 _0 |12001|a優生活|v10
606 __ |2cst|a散文
681 __ |a855|b8760
700 _0 |aDorothy|4著
801 _0 |atw|b內湖高中|c20140417|gCCR
|